Las bulas de Alejandro VI y el ordenamiento jurídico de la expansión portuguesa y castellana en Africa e Indias

Gespeichert in:
Bibliographische Detailangaben
1. Verfasser: García-Gallo de Diego, Alfonso (autor)
Format: Buch
Sprache:Spanisch
Veröffentlicht: Madrid, España Instituto Nacional de Estudios Jurídicos 1958
Schriftenreihe:Anuario de Historia del Derecho Español
Schlagworte:
Tags: Tag hinzufügen
Keine Tags, Fügen Sie den ersten Tag hinzu!

MARC

LEADER 00000nam a2200000 a 4500
001 UCR1434
003 CL-VaPUC
005 20240307142256.0
008 971219e19580000SP |||||||||||||||||spa|d
999 |c 264836  |d 264834 
040 |c Pontificia Universidad Católica de Valparaíso 
082 0 4 |a 340.098 GAR 1958  |2 21 
100 |a García-Gallo de Diego, Alfonso  |e autor  |9 431084 
245 1 4 |a Las bulas de Alejandro VI y el ordenamiento jurídico de la expansión portuguesa y castellana en Africa e Indias 
260 |a Madrid, España  |b Instituto Nacional de Estudios Jurídicos  |c 1958 
300 |a 369 páginas 
490 0 |a Anuario de Historia del Derecho Español 
583 |a last modification  |c 19971219 00:00:00  |k Rodrigo Vera 
600 0 7 |a ALEJANDRO VI  |2 CL-VaPUC  |9 394326 
650 0 |a Derecho Indiano  |9 256266 
650 7 |a ORDENANZAS INDIANAS  |2 CL-VaPUC  |9 398159  |z AMERICA  |z PORTUGAL  |z ESPAÑA  |z AFRICA 
650 0 |a Cristianismo  |z AMERICA  |z AFRICA  |9 257361 
650 0 |a Ordenamiento jurídico   |z AMERICA  |z AFRICA  |9 355371 
650 7 |a BULAS ALEJANDRINAS  |2 CL-VaPUC  |9 398512  |z AMERICA  |z AFRICA 
650 0 |a Derecho español  |z AMERICA  |9 255291 
852 |a BIBCUR 
942 |c BK  |2 ddc 
945 |d 19971219 00:00:00  |a cmena 
952 |0 0  |1 0  |2 ddc  |4 0  |6 340_098000000000000_GAR_1958  |7 0  |8 DER_HDC  |9 295362  |a BIBDER  |b BIBDER  |d 2019-11-20  |i 1922971  |o 340.098 GAR 1958  |p 1922971  |r 2023-01-25  |t 1  |w 2019-11-20  |x Ubicación 4to Piso  |y BK  |z Estos recursos deben solicitarse con anticipación  |k DER 
952 |0 0  |1 0  |2 ddc  |4 0  |6 340_098000000000000_GAR_1958  |7 0  |8 X  |9 295363  |a BIBHIS  |b BIBHIS  |d 2019-11-20  |i 1360396  |o 340.098 GAR 1958  |p 1360396  |r 2024-01-30  |t 2  |w 2019-11-20  |y BK_X  |k HIS